<?xml version="1.0" encoding="UTF-8"?>
<record
    xmlns:xsi="http://www.w3.org/2001/XMLSchema-instance"
    xsi:schemaLocation="http://www.loc.gov/MARC21/slim http://www.loc.gov/standards/marcxml/schema/MARC21slim.xsd"
    xmlns="http://www.loc.gov/MARC21/slim">

  <leader>00913nam a2200181 i 4500</leader>
  <controlfield tag="001">141790</controlfield>
  <controlfield tag="003">ES-MaACL</controlfield>
  <controlfield tag="005">20230906200353.0</controlfield>
  <controlfield tag="007">t|</controlfield>
  <controlfield tag="008">070928m19091913fr           ||||1| fre d</controlfield>
  <datafield tag="100" ind1="1" ind2=" ">
    <subfield code="a">Wagner, Adolph.</subfield>
    <subfield code="9">115834</subfield>
  </datafield>
  <datafield tag="245" ind1="1" ind2="0">
    <subfield code="a">Trait&#xE9; de la science des finances / </subfield>
    <subfield code="c">A. Wagner ; trad. fran&#xE7;aise abr&#xE9;g&#xE9;e... par Henry Vouters.</subfield>
  </datafield>
  <datafield tag="260" ind1=" " ind2=" ">
    <subfield code="a">Paris : </subfield>
    <subfield code="b">V. Giard et E. Bri&#xE8;re, </subfield>
    <subfield code="c">1909-1913.</subfield>
  </datafield>
  <datafield tag="300" ind1=" " ind2=" ">
    <subfield code="a">5 v. ; </subfield>
    <subfield code="c">23 cm.</subfield>
  </datafield>
  <datafield tag="505" ind1="8" ind2=" ">
    <subfield code="a">Contiene: I. L'organisation de l'&#xE9;conomie financi&#xE8;re (budget, comptabilit&#xE9;, contr&#xF4;le), les besoins financiers, les recettes ordinaires en g&#xE9;n&#xE9;ral et les acqu&#xEA;ts priv&#xE9;s en particulier -- II. Th&#xE9;orie de l'imposition, th&#xE9;orie des taxes et th&#xE9;orie g&#xE9;n&#xE9;rale des imp&#xF4;ts -- III. Le cr&#xE9;dit public -- IV y V. Histoire de l'imp&#xF4;t depuis l'Antiquit&#xE9; jusqu'&#xE1;a nos jours</subfield>
  </datafield>
  <datafield tag="700" ind1="1" ind2=" ">
    <subfield code="a">Vouters, Henry.</subfield>
    <subfield code="9">115752</subfield>
  </datafield>
  <datafield tag="852" ind1=" " ind2=" ">
    <subfield code="a">ES-MaACL</subfield>
    <subfield code="j">D-4076-80</subfield>
  </datafield>
  <datafield tag="999" ind1=" " ind2=" ">
    <subfield code="c">141790</subfield>
    <subfield code="d">141790</subfield>
  </datafield>
  <datafield tag="952" ind1=" " ind2=" ">
    <subfield code="0">0</subfield>
    <subfield code="1">0</subfield>
    <subfield code="4">0</subfield>
    <subfield code="7">0</subfield>
    <subfield code="a">ATENEOM</subfield>
    <subfield code="b">ATENEOM</subfield>
    <subfield code="c">SVI</subfield>
    <subfield code="d">2008-01-17</subfield>
    <subfield code="e">SC</subfield>
    <subfield code="l">0</subfield>
    <subfield code="o">D-4076-80</subfield>
    <subfield code="p">901147534</subfield>
    <subfield code="r">2023-02-23 00:00:00</subfield>
    <subfield code="w">2023-02-23</subfield>
    <subfield code="y">MONOGRAFIA</subfield>
  </datafield>
</record>
